[Event "Rheinland-chT Seniors 1617"]
[Site "Germany"]
[Date "2017.01.26"]
[Round "5"]
[White "Wohde, Guenter"]
[Black "Nagel, Horst"]
[Result "0-1"]
[WhiteElo "1120"]
[BlackElo "1605"]
[PlyCount "134"]
[EventDate "2016.10.06"]
[EventType "team-tourn"]
[EventRounds "7"]
[EventCountry "GER"]
[SourceTitle "EXT 2018"]
[Source "ChessBase"]
[SourceDate "2017.10.13"]
[SourceVersion "1"]
[SourceVersionDate "2017.10.13"]
[SourceQuality "1"]

1. c4 c6 2. g3 e6 3. Bg2 d5 4. Qc2 Nf6 5. c5 e5 6. d3 Nbd7 7. b4 b6 8. Ba3 bxc5 9. bxc5 Qa5+ 10. Qc3 Qxc3+ 11. Nxc3 Bxc5 12. Bb2 Rb8 13. Nd1 0-0 14. Rc1 Bb4+ 15. Bc3 c5 16. Nf3 Ba3 17. Rc2 d4 18. Bb2 Bb4+ 19. Nd2 Bb7 20. 0-0 Bxd2 21. Rxd2 e4 22. Bh3 exd3 23. Bxd7 Nxd7 24. Rxd3 Ba6 25. Rd2 Rfe8 26. Re1 Ne5 27. Kg2 f6 28. Rc2 Rec8 29. e3 Bb7+ 30. e4 Nd3 31. Ree2 f5 32. f3 fxe4 33. f4 Nxf4+ 34. gxf4 d3 35. Be5 dxc2 36. Rxc2 Ra8 37. Ne3 g6 38. Kg3 Kf7 39. Nc4 Bd5 40. Nd6+ Ke6 41. Nxc8 Rxc8 42. a3 Rc6 43. Rb2 Rb6 44. Rxb6+ axb6 45. Kf2 b5 46. Ke3 Kf5 47. Bd6 c4 48. Bb4 Kg4 49. Be1 Kf5 50. Kd4 Bc6 51. Kc5 Be8 52. Kd4 Kxf4 53. Bg3+ Kf3 54. Ke5 e3 55. Kd4 e2 56. Kc3 g5 57. Kd2 h5 58. Be1 Bc6 59. Kc2 Kg2 60. Kd2 Bf3 61. Ke3 g4 62. Bh4 Kxh2 63. Bf2 Kg2 64. Be1 Kf1 65. Kd2 c3+ 66. Kxc3 Kxe1 67. Kb4 Bc6 0-1